Регионална библиотека "Любен Каравелов" - Русе

Тази свирепа песен (Запис номер 435376)

MARC детайли
000 -Лидер
Контролно поле с фиксирана дължина 01265nam a22003137a 4500
003 - Код на организацията, давaща контролен номер
Контролно поле BLK
005 - Дата и час на последна редакция
Контролно поле 20250623164113.0
008 - Елементи от данни с фиксирана дължина
fixed length control field 200630b bu ||||| |||| 00| 0 bu d
020 ## - Международен стандартен номер на книга ISBN
Международен стандартен номер на книга ISBN 9789543574377
040 ## - Източник на каталожния запис
Идентификатор на билиотеката - собственик на записа BLK
041 ## - Код за език
Код за езика на текст/звукозапис или на отделно заглавие Български
Код за езика КДБФ Български
080 ## - УДК
Текстов определител УДК Американска литература (на САЩ)
УДК код - определител по УДК 821.111(73)
УДК определител -312.9
УДК - код + определител 821.111(73)-312.9
100 ## - Редна дума - Автор
Автор Шуаб, Виктория Елизабет
Авторска отговорност първи автор
R(LIN) 416836
139 ## - Редно поле
Редна дума Шуаб, Виктория Елизабет
Авторски знак Шу - Ш 96
245 ## - Сведения за заглавието
Заглавие Тази свирепа песен
Редно поле (дума) Виктория Елизабет Шуаб; прев. от англ. Елена Павлова
257 ## - Страна на издаване
Страна на създаване/издаване България
260 ## - Област на издателските данни
9 (RLIN) 210050
Място на издаване, разпространение и проч. София
Име на издателя, разпространителя и проч. ЕМАС
Година на издаване 2019
Печатница Мултипринт
300 ## - Физическа характеристика
Страници 384 с.
Размери/Мащаб 21 см
380 ## - Жанр
Жанр Худож. лит.
490 ## - СЕРИИ (Колекции)
9 (RLIN) 466652
Име на серия Чудовищата от искреност
№: серия Кн. 1
500 ## - Общи забележки
Забележка Кн. 1 от поредицата "Чудовищата от искреност".
700 ## - Други автори (авторска отговорност)
9 (RLIN) 315021
Лично име Павлова, Елена Веселинова
Автороска отговорност (Описва отношението между автора и произведението) прев. от англ.
852 ## - Местоположение
Фондова буква Заемна - подръчен фонд
Систематично-азбучна сигнатура 821-31/Ш 96 В
999 ## - СИСТЕМНИ КОНТРОЛНИ НОМЕРА
Koha biblionumber 435376
Koha biblioitemnumber 435376
942 ## - АРТИКУЛИ
Вид на библиотечния материал Книги
Скрит в OPAC Не
Периодичен библиозапис Да
Koha issues (borrowed), all copies 15
944 ## - СЪЗДАВАНЕ И РЕДАКЦИЯ на ЗАПИСА
Създаване/Редакция Създаване
Дата на регистрацията/редакция 2021-11-02
Служител, извършил регистрацията/редакцията 30575
Статус, дата на статуса Мартин Енчев
999 ## - СИСТЕМНИ КОНТРОЛНИ НОМЕРА
Koha biblioitemnumber 435376
999 ## - СИСТЕМНИ КОНТРОЛНИ НОМЕРА
Koha biblioitemnumber 435376
999 ## - СИСТЕМНИ КОНТРОЛНИ НОМЕРА
Koha biblioitemnumber 435376
Наличности
Код за отписване Код за изгубен артикул Източник на класификационната схема Код за повреда Коз за рестрикции Код за отдаване Артикулен № Име на библиотеката - собственик Име на библиотеката, в която се намира в момента Статус (Текущо местоположение) Дата на вписване в системата Местоположение - отдел Цена в лева Систематично азбучна сигнатура Баркод Цена в евро Служебен тип на артикула
  Не е изгубен Universal Decimal Classification Не е повреден без рестрикции заемане за дома 859816 Регионална библиотека "Любен Каравелов" Русе Регионална библиотека "Любен Каравелов" Русе Заемна - подръчен фонд 2021-11-03 Заемна - подръчен фонд 13.50 821-31/Ш 96 В 120000861786 6.90 Книги
  Не е изгубен Universal Decimal Classification Не е повреден без рестрикции заемане за дома 859817 Регионална библиотека "Любен Каравелов" Русе Регионална библиотека "Любен Каравелов" Русе Заемна - подръчен фонд 2021-11-03 Заемна - подръчен фонд 13.50 821-31/Ш 96 В 120000861785 6.90 Книги
  Не е изгубен Universal Decimal Classification Не е повреден само за читалня ползва се в читалня 872023 Регионална библиотека "Любен Каравелов" Русе Регионална библиотека "Любен Каравелов" Русе Хранилище 2022-02-15 Хранилище 18.00 Цб 311202 120000865877 9.20 Книги
Vip Innovations Ltd, Rousse, Bulgaria 2025